00559nam a22001217a 4500020001900000082001700019245019800036260003100234300001200265942001200277999001900289952012900308 a978-1447366294 a362.732bKEL aLiving on the Edge: bInnovative Research on Leaving Care and Transitions to Adulthood / cSamuel Keller (Editor), Inger Oterholm (Editor), Veronika Paulsen (Editor), Adrian van Breda (Editor)  aUK:bPolicy Press, c2024. a262p. ; 2ddccBK c614983d614983 00102ddc406362_732000000000000_KEL709642678aCLbCLcLCd2025-10-02l0o362.732 KELpLC-446r2025-10-02w2025-10-02yBK